| 000 | 00550nam a22002177a 4500 | ||
|---|---|---|---|
| 003 | UA-OsUOA | ||
| 001 | 68770 | ||
| 007 | ta | ||
| 008 | 20100517b un ||||| |||| 00| 0 ukr d | ||
| 090 |
_a94(476) _bМ71 |
||
| 942 | _cBK | ||
| 040 |
_aUA-OsUOA _bukr _cUA-OsUOA _dUA-OsUOA |
||
| 245 |
_aМінск _cАнікін В. І. |
||
| 300 | _a150 с. | ||
| 955 | _a2 | ||
| 041 | _aukr | ||
| 080 | _a94(476) | ||
| 260 |
_aМінск _bБєларусь _c1997 |
||
| 650 | 7 |
_a9 Географія. Біографії. Історія _2UDC |
|
| 999 |
_c355026 _d355026 |
||